Military ALS/FAST/LS/TTL Data / (Record no. 189167)
[ view plain ]
| 000 -LEADER | |
|---|---|
| fixed length control field | 00671 a2200157 4500 |
| 003 - CONTROL NUMBER IDENTIFIER | |
| control field | Nust |
| 005 - DATE AND TIME OF LATEST TRANSACTION | |
| control field | 20221129150954.0 |
| 040 ## - CATALOGING SOURCE | |
| Transcribing agency | Nust |
| 082 ## - DEWEY DECIMAL CLASSIFICATION NUMBER | |
| Classification number | 621.3815,MOT |
| 245 ## - TITLE STATEMENT | |
| Title | Military ALS/FAST/LS/TTL Data / |
| Statement of responsibility, etc. | Technical information centre |
| 260 ## - PUBLICATION, DISTRIBUTION, ETC. | |
| Name of publisher, distributor, etc. | Motorola |
| Place of publication, distribution, etc. | Reagan |
| Date of publication, distribution, etc. | 1989 |
| 300 ## - PHYSICAL DESCRIPTION | |
| Extent | various paging |
| 505 ## - FORMATTED CONTENTS NOTE | |
| Formatted contents note | Selection Information (Page-1-1), Circuit Characteristics (Page-2-2), Design Considerations And Testing (Page-3-1), ALS Data Sheets (Page-4-1), Fast Data Sheets (Page-5-1), LS Data Sheets (Page-6-1), TTL Data Sheets (Page-7-1), Package Information Including Surface Mount (Page-8-1). |
| 650 ## - SUBJECT ADDED ENTRY--TOPICAL TERM | |
| Topical term or geographic name entry element | Telecommunication engineering |
| 942 ## - ADDED ENTRY ELEMENTS (KOHA) | |
| Source of classification or shelving scheme | |
| Koha item type | Book |
| Withdrawn status | Lost status | Source of classification or shelving scheme | Damaged status | Not for loan | Permanent Location | Current Location | Shelving location | Date acquired | Full call number | Barcode | Date last seen | Price effective from | Koha item type | Public note |
|---|---|---|---|---|---|---|---|---|---|---|---|---|---|---|
| Military College of Signals (MCS) | Military College of Signals (MCS) | General Stacks | 12/12/2016 | 621.3815,MOT | MCS34949 | 12/08/2016 | 12/12/2016 | Book | Almrah No.33, Shelf No.1 |
